| 000 | 00433nam a2200157 a 4500 | ||
|---|---|---|---|
| 005 | 20140412111427.0 | ||
| 008 | 090710s19uu xx 00 eng d | ||
| 020 | _a0-7172-8825-0 | ||
| 050 |
_aER _bBa23 1998 |
||
| 100 | _aBalducci, Rita | ||
| 245 |
_aBarbie : _bA sea of friends / _cRita Balducci. |
||
| 260 |
_aU.S.A : _bGrolier enterprises, _c1998. |
||
| 300 | _a55p. | ||
| 440 | _aBarbie and friends book club | ||
| 999 |
_c106248 _d106248 |
||